[Event "ARM-ch Club 2018"]
[Site "Yerevan"]
[Date "2018.06.08"]
[Round "1"]
[White "Pashikian, Arman"]
[Black "Hakobyan, Aram"]
[Result "1/2-1/2"]
[WhiteElo "2608"]
[BlackElo "2542"]
[Annotator "TA"]
[PlyCount "60"]
[EventDate "2018.??.??"]
[EventCountry "ARM"]
[SourceTitle "playchess.com"]
[Source "ChessBase"]
[SourceQuality "1"]

{[%evp 24,60,9,9,13,12,8,0,3,9,12,0,0,0,8,0,0,0,0,0,0,0,4,0,7,6,7,0,8,7,8,0,0,0,0,0,0,0,0]} 1. d4 Nf6 2. c4 g6 3. Nc3 d5 4. cxd5 Nxd5 5. e4 Nxc3 6. bxc3 Bg7 7. Be3 c5 8. Rc1 O-O 9. Qd2 Qa5 10. Nf3 Rd8 11. Be2 {D85: Exchange Grünfeld: Unusual White 7th moves and lines with 7 Nf3} cxd4 12. cxd4 Qxd2+ 13. Bxd2 {[#] LiveBook: 5 Games. The position is equal.} Bd7 $146 ({Predecessor:} 13... Na6 14. d5 Bd7 15. O-O Rac8 16. Be3 Nb4 17. Rxc8 Bxc8 18. Bc4 b6 {½-½ (35) Sjugirov,S (2650)-Svidler,P (2765) St Petersburg 2017}) 14. O-O e6 15. d5 exd5 16. exd5 Bf5 {[%cal Bd7f5,Bf5e4,Be4d5][%mdl 32]} 17. Rc7 Nd7 18. Rxb7 Be4 19. Bb5 Nc5 20. Rc7 Bxd5 21. Rxc5 {[#] And now Bc6 would win.} Bxf3 $1 22. Be3 Bd5 23. a4 Bf8 24. Rc7 a6 25. Be2 Bd6 26. Rcc1 a5 27. Bb5 Ba3 28. Rc7 Bd6 29. Rcc1 Ba3 30. Rc7 Bd6 {Precision: White = 50%, Black = 73%.} 1/2-1/2

[Event "ARM-ch Club 2018"]
[Site "Yerevan"]
[Date "2018.06.08"]
[Round "1"]
[White "Martirosyan, Haik M."]
[Black "Hovhannisyan, Robert"]
[Result "1/2-1/2"]
[WhiteElo "2572"]
[BlackElo "2625"]
[Annotator "TA"]
[PlyCount "64"]
[EventDate "2018.??.??"]
[EventCountry "ARM"]
[SourceTitle "playchess.com"]
[Source "ChessBase"]
[SourceQuality "1"]

{[%evp 24,64,12,6,21,5,6,6,22,22,19,16,16,25,16,16,18,16,9,18,17,0,0,-10,-8,-6,0,0,0,0,0,0,0,0,0,-5,-2,-4,0,0,0,0,0]} 1. e4 e5 2. Nf3 Nc6 3. Bb5 Nf6 4. O-O Nxe4 5. Re1 Nd6 6. Nxe5 Be7 7. Bf1 Nxe5 8. Rxe5 O-O 9. d4 Bf6 10. Re1 Re8 {C67: Spanische Partie (Berliner Verteidigung)} (10... Nf5 11. d5 Re8 12. Bd3 Rxe1+ 13. Qxe1 Qe7 14. Qxe7 Nxe7 15. d6 cxd6 16. Na3 d5 17. Nb5 d6 18. Nxd6 {½-½ (32) Caruana,F (2784)-Aronian,L (2794) Karlsruhe/Baden-Baden 2018}) 11. Rxe8+ Nxe8 12. d5 d6 13. Nd2 {LiveBook: 5 Partien} Bg5 14. Nc4 {[#]} Bxc1 $146 15. Rxc1 Nf6 16. Ne3 Qe7 17. Qd4 Qe4 18. Qxe4 Nxe4 19. f3 {Die Stellung ist ausgeglichen.} Nc5 20. b4 Nd7 21. c4 b6 22. Nf5 a5 23. a3 axb4 24. axb4 Ne5 25. Nd4 Bd7 26. c5 bxc5 27. bxc5 dxc5 28. Rxc5 Ra7 29. Rc1 Kf8 30. Bb5 Ra5 31. Bxd7 Nxd7 32. Rxc7 Rxd5 {Precision: Weiß = 59%, Schwarz = 87%.} 1/2-1/2

[Event "ARM-ch Club 2018"]
[Site "Yerevan"]
[Date "2018.06.08"]
[Round "1"]
[White "Ter-Sahakyan, Samvel"]
[Black "Baghdasaryan, Vahe"]
[Result "1-0"]
[WhiteElo "2546"]
[BlackElo "2406"]
[Annotator "TA"]
[PlyCount "45"]
[EventDate "2018.??.??"]
[EventCountry "ARM"]
[SourceTitle "playchess.com"]
[Source "ChessBase"]
[SourceQuality "1"]

{[%evp 9,45,0,17,0,27,29,38,46,50,50,66,50,58,63,61,72,227,189,237,209,209,61,316,311,466,445,457,455,434,339,297,298,745,757,1126,1118,1260,1229]} 1. e4 c5 2. Nc3 d6 3. d4 cxd4 4. Qxd4 Nc6 5. Qd2 g6 (5... Nf6 6. b3 e6 7. Bb2 a6 8. O-O-O b5 9. f3 h5 10. Nh3 Be7 11. Ng5 {1-0 (31) Carlsen,M (2843)-Wojtaszek,R (2744) Shamkir 2018}) 6. b3 {B23: Closed Sicilian: Lines without g3} Bg7 7. Bb2 a6 8. O-O-O {White is slightly better.} Be6 $146 ({Predecessor:} 8... Nf6 9. f3 O-O 10. g4 b5 11. Nge2 {½-½ (31) Amonatov,F (2608)-Karthik,V (2457) Bhubaneswar 2018}) 9. Kb1 b5 10. h4 h5 11. Nf3 Rc8 12. Ng5 Nd4 $2 (12... Bd7 $16) 13. Bd3 {Hoping for Ne2.} Nf6 14. Ne2 Nxe2 15. Qxe2 (15. Bxe2 Bd7 $14) (15. Nxe6 $18 fxe6 16. e5 (16. Qxe2 O-O $16) (16. Bxe2 Nxe4 17. Qe3 Bxb2 $11) 16... Nc3+ 17. Bxc3) 15... O-O $2 {[%mdl 8192] [#]} (15... Bd7 $14) 16. e5 $1 $18 {[%cal Re5f6,Be4e5,Be5d6,Bd6d7][%mdl 32]} Nd5 {[#]} (16... Ng4 {was called for.} 17. Nxe6 fxe6 18. exd6 (18. Bxg6 Rxf2 19. Qe1 d5 $16) 18... Qd7) 17. Bxg6 $1 {[%mdl 512]} fxg6 18. Nxe6 Nf4 19. Nxf4 (19. Nxd8 Nxe2 20. Ne6 (20. exd6 Rfxd8 21. Rhe1 Nc3+ 22. Bxc3 Bxc3 $17) 20... Bxe5 $18) 19... Rxf4 20. exd6 e5 $2 (20... exd6 21. Qe6+ Kh7 22. Rxd6 Qe8 23. Qxe8 (23. Rxa6 Qxe6 24. Rxe6 Bxb2 $16) 23... Rxe8) 21. d7 {White is clearly winning.} Rc5 22. Rd6 Kh7 23. Rhd1 {Precision: White = 72%, Black = 20%.} 1-0

[Event "ARM-ch Club 2018"]
[Site "Yerevan"]
[Date "2018.06.08"]
[Round "1"]
[White "Mikaelyan, Arman"]
[Black "Petrosyan, Manuel"]
[Result "1/2-1/2"]
[WhiteElo "2500"]
[BlackElo "2551"]
[Annotator "TA"]
[PlyCount "103"]
[EventDate "2018.??.??"]
[EventCountry "ARM"]
[SourceTitle "playchess.com"]
[Source "ChessBase"]
[SourceQuality "1"]

{[%evp 26,103,26,29,29,0,0,5,3,0,0,0,5,7,17,10,45,22,30,21,26,26,23,8,62,33,82,100,94,90,95,87,55,8,13,0,34,6,68,42,96,27,57,59,60,41,27,0,13,5,5,-4,0,0,0,0,17,0,0,0,20,0,18,0,0,0,0,0,0,0,0,0,0,0,0,0,0,0,0,0]} 1. d4 Nf6 2. c4 e6 3. Nf3 b6 4. a3 Bb7 5. Nc3 d5 6. Qc2 Be7 7. cxd5 Nxd5 8. e4 Nxc3 9. bxc3 O-O 10. Bd3 c5 11. O-O Qc7 12. Qe2 Nd7 13. Bd2 {E12: Queen's Indian: Unusual White 4th moves, 4 a3, 4 Nc3 Bb7 5 a3 and 4 Nc3 Bb7} (13. a4 Rfd8 14. Bd2 Nf8 15. a5 Ng6 16. g3 Bc6 17. h4 h6 18. Rfe1 Bf6 19. h5 Nf8 20. Bf4 Qe7 {1-0 (42) Wojtaszek,R (2745)-El Debs,F (2531) Tbilisi 2017}) 13... Rac8 14. a4 {LiveBook: 15 Games} e5 15. dxe5 {White has an edge.} c4 16. Bc2 Nxe5 17. Nxe5 Qxe5 18. f4 Qc5+ $146 ({Predecessor:} 18... Qc7 19. Rae1 Rce8 20. Kh1 Bh4 21. Rd1 f5 {1-0 (50) Nedilsky,D (2343)-Pierrot,J (2452) Buenos Aires 2006}) 19. Kh1 Qc6 20. Be3 a6 21. Bd4 Bc5 22. Bxc5 Qxc5 23. e5 Rce8 24. Rad1 Re6 ({Black should try} 24... b5 $11) 25. Bf5 Rh6 26. Rd4 b5 27. axb5 axb5 28. Rfd1 Ra6 29. Be4 (29. Bb1 {seems wilder.} Re8 30. Rd7 Ba8 31. h3 g6 32. Be4) 29... Bxe4 30. Qxe4 Qc6 31. Qe2 Qe6 (31... Ra3 $11) 32. h3 g6 (32... Ra3 $14) 33. Qf3 (33. Qb2 $16) 33... Qf5 34. Qb7 Ra3 35. Qe7 {[#] White wants to mate with Rd8.} Raa8 36. Re1 (36. Kh2 {looks sharper.} Qc2 37. Qb7 Qxc3 38. Qxb5 Ra1 39. Rxc4 Qxc4 40. Qxc4 Rxd1 41. e6) 36... Rfe8 {The position is equal.} 37. Qb4 (37. Qb7 {feels hotter.} Rab8 38. Qf3 Red8 39. Rd6 Rxd6 40. exd6 Qd3 41. Qxd3 cxd3 42. Rd1) 37... Rab8 38. Rde4 Qe6 39. Rd1 Qf5 40. Red4 h5 41. Ra1 Red8 {Black wants to play ...Rxd4.} 42. Rad1 Re8 43. Kh2 Kg7 44. Qb1 Qxb1 45. Rxb1 Red8 46. Rxd8 Rxd8 47. Rxb5 $11 {KR-KR} Rd3 48. Rb7 Kf8 49. Rb8+ Ke7 50. Rb7+ Kf8 51. Rb8+ Ke7 52. Rb7+ {Precision: White = 53%, Black = 52%.} 1/2-1/2

[Event "ARM-ch Club 2018"]
[Site "Yerevan"]
[Date "2018.06.08"]
[Round "1"]
[White "Harutyunian, Tigran K."]
[Black "Bakunts, Rafael"]
[Result "1/2-1/2"]
[WhiteElo "2499"]
[BlackElo "2395"]
[Annotator "TA"]
[PlyCount "76"]
[EventDate "2018.??.??"]
[EventCountry "ARM"]
[SourceTitle "playchess.com"]
[Source "ChessBase"]
[SourceQuality "1"]

{[%evp 17,76,23,51,0,0,0,-4,-17,-8,-24,-26,-32,-32,-44,-36,-33,-30,-48,-51,-60,-51,-62,-47,-68,-68,-69,-57,-52,-29,-54,-51,-66,-27,-33,-29,-79,0,-51,-37,-69,-60,-70,-52,-66,0,0,0,-76,-85,-72,-12,-1,-13,-22,-18,-33,-6,-5,0,0,0]} 1. c4 e5 2. Nc3 Nf6 3. Nf3 Nc6 4. e3 Bb4 5. Qc2 Bxc3 6. Qxc3 Qe7 7. d4 {A28: English Opening: Four Knights Variation} (7. Be2 d5 8. cxd5 Nxd5 9. Qb3 Nb6 10. d3 Bg4 11. Bd2 O-O-O 12. Rc1 f5 13. h3 Bh5 14. Qa3 Qxa3 15. bxa3 Bxf3 16. gxf3 {0-1 (52) Oleksienko,M (2615)-Navara,D (2726) Germany 2018}) 7... exd4 8. Nxd4 Nxd4 9. Qxd4 c5 {LiveBook: 3 Games} 10. Qd3 ({White should play} 10. Qf4 $14) 10... O-O $11 11. Be2 d5 12. cxd5 Rd8 13. Qc2 Rxd5 14. f3 Bf5 $36 {[%mdl 2048] Black is pushing.} 15. Qc3 $146 ({Don't blunder} 15. e4 $2 Nxe4 $1 {[%mdl 512]} 16. fxe4 Bxe4 $19) 15... Rad8 16. O-O Bd3 17. Bxd3 Rxd3 18. Qc4 Qe5 19. Rb1 Qd5 20. Qxd5 Nxd5 ({But not} 20... R3xd5 $6 21. e4 $11) 21. e4 Nb4 $1 22. Bf4 c4 23. Rfc1 b5 24. Ra1 a6 (24... R3d7 $5 {[%cal Rb4d3]} 25. Bg3 Nd3 $15) 25. Kf1 Nc6 26. Kf2 R3d7 (26... f6 $17) 27. Be3 ({White should try} 27. b3 $11) 27... Nb4 $15 28. Kg3 Nd3 29. Rc2 $1 Re8 30. b3 {[#]} cxb3 (30... f5 $1 $15 {[%mdl 512]} 31. bxc4 (31. exf5 Rxe3) 31... Rd6) 31. axb3 $11 f5 32. Bd2 (32. Rca2 $11 {keeps the balance.}) 32... fxe4 $17 33. fxe4 Rf7 (33... Rd6 $17) 34. Rxa6 $11 Nf2 35. Bc1 Nxe4+ 36. Kh4 Nf2 {White must now prevent ...Re4+.} 37. h3 Nd3 {...Nb4 is the strong threat.} 38. Rd6 Nxc1 {Precision: White = 36%, Black = 55%.} 1/2-1/2

[Event "ARM-ch Club 2018"]
[Site "Yerevan"]
[Date "2018.06.08"]
[Round "1"]
[White "Minasian, Artashes"]
[Black "Sargsyan, Tigran R."]
[Result "1-0"]
[WhiteElo "2483"]
[BlackElo "2136"]
[Annotator "TA"]
[PlyCount "79"]
[EventDate "2018.??.??"]
[EventCountry "ARM"]
[SourceTitle "playchess.com"]
[Source "ChessBase"]
[SourceQuality "1"]

{[%evp 14,79,-21,-35,10,-18,0,-6,-10,-10,0,-12,-7,-8,26,0,0,-27,52,46,54,0,0,7,7,-11,-20,0,7,8,60,47,70,73,64,41,89,81,100,103,109,107,115,91,89,98,116,103,159,147,207,195,310,309,364,340,316,164,218,217,532,484,959,895,1183,974,29990,423]} 1. b3 Nf6 2. Bb2 e6 3. g3 d5 4. Bg2 c5 5. d3 Nc6 6. Nd2 Be7 7. Ngf3 O-O 8. O-O {LiveBook: 33 Games} d4 {A06: Réti Opening:1 Nf3 d5} (8... Qc7 9. Re1 e5 10. e4 d4 11. Nh4 g6 12. Bc1 Bg4 13. Nhf3 b5 14. h3 Bd7 15. Nh2 Qc8 16. h4 h5 {1-0 (69) Gabuzyan,H (2614)-Kotanjian,T (2485) Yerevan 2016}) 9. c3 dxc3 10. Bxc3 Nd5 {The position is equal.} 11. Bb2 $1 b6 12. Nc4 $146 ({Predecessor:} 12. Rc1 Bb7 13. Nc4 Rc8 14. Qd2 Bf6 15. Bxf6 Nxf6 16. Rfd1 {½-½ (50) Lange,K-Kreiling,C Hessen 1991}) 12... Bf6 13. Qd2 Bb7 14. Rfc1 Qe7 15. a4 {[%cal Ba2a4,Ba4a5][%mdl 32]} Nd4 ({Better is} 15... Rac8 $11) 16. Nxd4 $14 Bxd4 17. a5 Bxb2 $1 18. Qxb2 Nb4 $1 19. Qe5 Bxg2 20. Kxg2 Qb7+ 21. Qe4 Qxe4+ (21... Nd5 $11) 22. dxe4 Rab8 23. axb6 axb6 24. Ra7 Nc6 25. Ra6 $1 $36 {[%mdl 2048] Keeping Black busy.} Nd4 26. Nxb6 Nxb3 27. Rc3 Nd2 28. f3 {Strongly threatening Nd7.} ({But not} 28. Rxc5 Nxe4 29. Rc7 Rfd8 $14) (28. e5 {keeps more tension.} c4 29. Nd7 Ra8 30. Rxa8 Rxa8 31. Rc2) 28... Rfd8 29. Rxc5 g6 30. e5 Rb7 (30... Nb3 $142 31. Rc7 Nd4) 31. Kf2 Rdb8 (31... Nb3 $16 32. Rc8 Rxc8 33. Nxc8 Nd4) 32. Nc8 $1 $18 Rb1 (32... Nb3 {is a better defense.} 33. Rc4 Nd2) 33. Rd6 Nb3 34. Rc7 Rc1 35. Ne7+ (35. Rd8+ $142 Kg7 36. Rxf7+ $1 {[%mdl 512]} Kxf7 37. Nd6+ Kg7 38. Rxb8) 35... Kg7 {[#]} (35... Kh8 $142 36. Rxc1 Nxc1) 36. Nc6 $1 Rb6 $2 (36... Rf8 {is more resistant.} 37. Rxe6 Nd4) 37. Rxe6 Rh1 (37... Rb8 $142 38. Rd6 Na5 39. Rxf7+ Kxf7 40. Nxb8 Rh1 41. Rd7+ Ke6 42. Rxh7 Kxe5 43. Nd7+ Kd5) 38. Rf6 Rxh2+ 39. Ke3 Nc1 40. Nd4 {Precision: White = 53%, Black = 28%.} (40. Rfxf7+ $142 Kh6 41. Rxh7+ Kg5 42. Rxh2 Rb3+ 43. Ke4 Na2 44. Nd4 Rb4 45. Rc6) 1-0

[Event "ARM-ch Club 2018"]
[Site "Yerevan"]
[Date "2018.06.08"]
[Round "1"]
[White "Hayrapetyan, Hovik"]
[Black "Andriasian, Zaven"]
[Result "1/2-1/2"]
[WhiteElo "2454"]
[BlackElo "2586"]
[Annotator "TA"]
[PlyCount "110"]
[EventDate "2018.??.??"]
[EventCountry "ARM"]
[SourceTitle "playchess.com"]
[Source "ChessBase"]
[SourceQuality "1"]

{[%evp 22,110,20,0,63,60,44,68,70,55,46,67,108,16,58,22,19,70,67,63,74,53,57,58,36,54,119,91,166,156,173,157,193,215,182,173,163,164,177,170,416,127,112,112,112,112,112,116,203,207,201,214,202,114,176,188,164,97,110,105,122,127,114,54,152,139,249,242,364,0,0,0,0,0,0,0,0,0,0,0,0,0,0,0,0,0,0,0,0,0,0]} 1. Nf3 d5 2. d4 Nf6 3. c4 c6 4. Qc2 dxc4 5. Qxc4 Bf5 6. g3 e6 7. Bg2 Nbd7 8. O-O Be7 9. e3 O-O {D23: Queen's Gambit Accepted: 3 Nf3 Nf6 sidelines} 10. Qe2 Ne4 (10... Qa5 11. Nc3 Ne4 12. Bd2 Nxd2 13. Nxd2 Rfd8 14. Rfd1 Rac8 15. e4 Bg6 {½-½ (25) Bu,X (2725)-Shankland,S (2671) Liaocheng 2018}) 11. Nfd2 Ndf6 12. Nb3 {LiveBook: 3 Games} Bg6 (12... a5 $11) 13. f3 $14 Nd6 14. e4 Nd7 15. Nc3 a5 16. Be3 $146 {[%cal Bc1e3,Be3f2,Bf2c5][%mdl 32]} ({Predecessor:} 16. Rd1 a4 17. Nc5 {0-1 (40) Martinsen,S (2141)-Habu,Y (2404) Krakow 2013}) 16... b5 17. Rad1 (17. a4 $16) 17... Qb8 18. Nc5 Nxc5 19. dxc5 Nc4 20. Bf2 $1 Qa7 21. b3 $36 {[%mdl 2048] White is more active.} Na3 $1 22. Rd6 $1 Bxd6 23. cxd6 Qb7 (23... Qd7 $14) 24. f4 {[%mdl 1024] White has strong compensation.} Rfd8 (24... a4 $16) 25. Bc5 $1 $18 f6 26. e5 (26. Bxa3 b4 $11) 26... b4 27. Na4 $1 fxe5 28. Qxe5 Nb5 29. Nb6 ({Don't take} 29. Qxe6+ $6 Bf7 $14) 29... Ra6 30. Qxe6+ Qf7 $2 (30... Bf7 31. Qe7 Qxe7 32. dxe7 Rd2) 31. Qe7 $2 (31. f5 $1 $18 {is the precise move to win.}) 31... Rxd6 $16 32. Bxd6 Qxe7 33. Bxe7 Rxb6 34. Rd1 {Black must now prevent Rd8+.} Nc3 (34... Rb8 $16) 35. Rd8+ $18 Kf7 36. Bc5 $1 {[%cal Rc5b6]} Rb5 37. Rf8+ $1 Ke6 {[#]} 38. Bh3+ $1 Kd5 39. Be7 ({Better is} 39. Bf2 $18 {Strongly threatening Rd8+.} Kd6 40. Rd8+ Ke7 41. Rd7+ Kf8 42. Be6) 39... Ke4 40. Bg2+ Ke3 41. Bxc6 Rf5 {[#]} 42. Rd8 (42. Ra8 $1 $16) 42... Bh5 (42... Nxa2 $14 43. Bd7 Rd5) 43. Kg2 $16 Rf7 (43... Ne4 $16 {might work better.} 44. Bd7 Bf3+ 45. Kg1 Rh5) 44. Rd7 Rf5 (44... Ne4 $142 45. Bd5 Rf5) 45. h3 $2 (45. Bd8 $18 Ke2 46. Rxg7) 45... Be8 $11 {The position is equal.} 46. Bc5+ $1 Rxc5 47. Re7+ Kd4 48. Bxe8 {[%mdl 4096] Endgame KRB-KRN} Ne4 49. Rxg7 Rc2+ 50. Kg1 Rc1+ 51. Kg2 Rc2+ 52. Kg1 Ke3 53. f5 Rc1+ 54. Kg2 $1 Rc2+ 55. Kg1 Rc1+ {Precision: White = 68%, Black = 45%.} 1/2-1/2

[Event "ARM-ch Club 2018"]
[Site "Yerevan"]
[Date "2018.06.08"]
[Round "1"]
[White "Petrosian, Davit G."]
[Black "Gabuzyan, Hovhannes"]
[Result "0-1"]
[WhiteElo "2400"]
[BlackElo "2539"]
[Annotator "TA"]
[PlyCount "74"]
[EventDate "2018.??.??"]
[EventCountry "ARM"]
[SourceTitle "playchess.com"]
[Source "ChessBase"]
[SourceQuality "1"]

{[%evp 19,74,21,31,0,-6,-15,37,12,28,42,66,7,57,46,72,76,81,65,105,0,0,0,0,0,0,-16,0,-78,-67,-62,-66,-73,-88,-84,-61,-172,-160,-215,-201,-260,-260,-333,-312,-419,-421,-782,-405,-590,-581,-1486,-1485,-1191,-592,-994,-966,-29996,-29997]} 1. e4 c5 2. Nf3 d6 3. d4 cxd4 4. Nxd4 Nf6 5. Nc3 a6 6. Bc4 e6 7. Bb3 Nc6 8. Be3 Bd7 9. Qe2 Rc8 {B89: Sizilianisch (Sosin-Angriff)} (9... b5 10. O-O-O Na5 11. Kb1 Be7 12. Bc1 O-O 13. Rhe1 b4 14. Na4 Nxb3 15. axb3 Qc7 16. g4 d5 17. f3 dxe4 18. fxe4 {½-½ (34) Vocaturo,D (2603)-Van Wely,L (2661) Belgium 2017}) 10. O-O-O Na5 {LiveBook: 11 Partien} 11. Bg5 Be7 {Die Stellung ist ausgeglichen.} 12. f4 {[%cal Bf2f4,Bf4e5][%mdl 32]} O-O (12... h6 $11 13. Bh4 O-O) 13. Rd3 $146 ({Vorgänger:} 13. Kb1 Rxc3 14. bxc3 Qc7 15. c4 h6 16. h4 e5 17. Nf5 Bxf5 18. exf5 h5 19. Rhe1 e4 20. Rd4 Qc5 21. Rxe4 Nxe4 22. Qxe4 Nc6 {½-½ (22) Timmerman,G (2300)-Larsen,S (2340) Copenhagen 1995}) 13... h6 14. h4 $1 Re8 15. Rg3 (15. Kb1 $14) 15... Kh8 16. e5 dxe5 17. fxe5 Nxb3+ 18. axb3 Ng8 19. Qh5 ({Doch nicht} 19. Bxe7 $6 Nxe7 20. Rf1 Nf5 $11) (19. Kb1 $16) 19... Qa5 $1 $36 {[%mdl 2048] Weiss muss nun ...Txc3! beachten. Schwarz hat Initiative.} 20. Bxe7 Rxe7 21. Kb1 Be8 22. Qe2 Rd7 23. Rd1 (23. Qg4 $11 Qxe5 24. Nf3) 23... Ne7 $17 24. h5 Nc6 25. Nxc6 Rxd1+ 26. Qxd1 Bxc6 27. Qd6 ({Günstiger ist} 27. Qd4 $15) 27... Qd8 28. Qd3 {[#]} (28. Rg4 $17) 28... Qh4 $1 $19 29. Qe3 Qxh5 30. Ne2 Rd8 31. Rh3 Qg4 32. Nf4 (32. Rh1 $142 Bxg2 33. Re1) 32... Qd1+ 33. Ka2 (33. Qc1 $142) 33... Qxc2 34. Nd3 Rd5 {[%cal Rd5a5]} 35. b4 Qa4+ 36. Kb1 Qd1+ 37. Ka2 {[#]} Ra5+ $1 {[%mdl 512] Precision: Weiß = 16%, Schwarz = 57%.} 0-1

[Event "ARM-ch Club 2018"]
[Site "Yerevan"]
[Date "2018.06.08"]
[Round "1"]
[White "Danielyan, Vahe"]
[Black "Sargsyan, Shant"]
[Result "0-1"]
[WhiteElo "2387"]
[BlackElo "2499"]
[Annotator "TA"]
[PlyCount "112"]
[EventDate "2018.??.??"]
[EventCountry "ARM"]
[SourceTitle "playchess.com"]
[Source "ChessBase"]
[SourceQuality "1"]

{[%evp 17,112,0,13,10,15,0,0,0,0,0,0,0,0,-6,0,-21,0,-14,-18,-42,-38,-56,-55,-140,-130,-129,-139,-186,-192,-186,-154,-159,-96,-152,-110,-135,-135,-138,-140,-147,-132,-141,-156,-143,-152,-175,-169,-191,-185,-226,-221,-243,-251,-386,-172,-172,-172,-166,-66,-69,-8,-8,-8,-8,-8,-8,-8,-8,-8,-8,-8,-8,-8,-8,-8,-8,-8,-8,-8,-8,-8,-8,-8,-8,-8,-8,-8,-8,-8,-8,-8,-8,0,0,0,-29998,-29999]} 1. e4 e5 2. Nf3 Nc6 3. Nc3 Nf6 4. Bb5 Bd6 5. O-O (5. d3 h6 6. Ne2 a6 7. Ba4 b5 8. Bb3 Na5 9. d4 Nxb3 10. axb3 Nxe4 11. dxe5 Bc5 12. Qd5 Bxf2+ 13. Kf1 {½-½ (49) Inarkiev,E (2689)-Svidler,P (2765) St Petersburg 2017}) 5... O-O 6. d3 {C48: Four Knights: 4 Bb5, replies other than 4...Bb4} h6 7. h3 Re8 8. Be3 a6 9. Bxc6 dxc6 {LiveBook: 3 Games} 10. Nd2 Be6 $146 ({Predecessor:} 10... Nd7 11. Na4 Bf8 12. f4 exf4 13. Rxf4 {0-1 (28) Khalafova,N (2138)-Gasanov,E (2485) Al Ain 2015}) 11. f4 exf4 12. Bxf4 Bxf4 13. Rxf4 c5 14. Qe2 Nd7 15. Raf1 Ne5 16. Qf2 Qd4 17. Qxd4 cxd4 18. Nd5 Rac8 19. b4 {[#]} f5 $1 {[%mdl 512]} 20. Rxf5 (20. a3 $15) (20. exf5 Bxd5) 20... Bxf5 $17 21. exf5 Nc6 $1 22. f6 {Threatens to win with f7+.} Re5 $1 {[%cal Re5d5]} 23. Nf4 gxf6 24. Nc4 Re7 (24... Rb5 $142 25. a3 Kf7) 25. Nd5 (25. a3 $142) 25... Rf7 26. a4 b5 27. axb5 axb5 28. Nd2 f5 29. Ra1 Rd8 30. Ra6 Rd6 31. Nb3 Kh7 (31... Rxd5 32. Rxc6 h5 33. Kf2 $17) 32. Kf2 h5 ({But not} 32... Rxd5 33. Rxc6 Rfd7 34. Re6 $15) 33. g3 f4 $1 {[%cal Rf4g3]} ({Resist} 33... Rxd5 34. Rxc6 f4 35. g4 $17) 34. Nxf4 {[#]} h4 $1 ({Not} 34... Nxb4 35. Rxd6 cxd6 36. Nxd4 $15) 35. Nc5 (35. Kg2 $142) 35... Nxb4 (35... Rg6 $142 36. Rxc6 Rxc6) 36. Rxd6 $19 cxd6 {[%mdl 4096] Endgame KRN-KNN} 37. Nce6 hxg3+ ({Better is} 37... Kh8 $19 38. Nxd4 Nd5) 38. Kxg3 $15 Nxc2 ({Black should play} 38... Re7 $15 39. Nxd4 Re5) 39. Ng5+ $11 Kg8 40. Nxf7 Kxf7 {KN-KN} 41. Kf2 Kf6 42. Ke2 Kf5 43. Nd5 b4 {[%cal Bb5b4,Bb4b3][%mdl 32] And now ...b3 would win.} 44. Kd2 b3 45. Kc1 Ke5 46. Nb6 Ne1 47. Nc4+ Kf4 {Strongly threatening ...d5.} 48. Kb2 Nxd3+ 49. Kxb3 d5 50. Nb6 Ke4 {Hoping for ...Nf4.} 51. h4 Nf4 52. Kc2 Ke3 53. Kd1 $1 d3 {[#]} 54. h5 $1 {[%mdl 512]} d2 (54... Nxh5 55. Nxd5+) 55. h6 Kd3 {( -> ...Nh3)} 56. h7 $2 {[%mdl 8192] [#]} (56. Na4 $11) 56... Nh3 $1 {Precision: White = 47%, Black = 64%.} 0-1